000 00784nam a2200277Ia 4500
005 20260324111759.0
008 008 260324s9999 xx 000 0 eng d
020 _a9781003488279
037 _aEBOOK
040 _aCRL
040 _beng
040 _cCRL
041 _2eng
041 _aeng
084 _qCRL
100 _aRadu-Emil Precup; Raul-Cristian Roman; Elena-Lorena Hedrea; Alexandra-Iulia Szedlak-Stinean; Iuliu Alexandru Zamfirache
_91139992
245 0 _aClassical and Modern Optimization Techniques Applied to Control and Modeling
260 _bTaylor and Francis
260 _c2025
365 _a
365 _b320
856 _uhttp://www.taylorfrancis.com/books/9781003488279
942 _cEBOOK
999 _c1728913
_d1728913